[Event "World Senior Teams +50"]
[Site "Radebeul GER"]
[Date "2016.06.30"]
[Round "5.7"]
[Board "2"]
[White "Stahr, Ralf-Peter"]
[Black "Motuz, Karol"]
[Result "1-0"]
[BlackTitle "FM"]
[WhiteElo "2018"]
[BlackElo "2333"]
[WhiteTeam "Stiftung BSW / DBAG II"]
[BlackTeam "Slovakia"]
[WhiteFideId "4661745"]
[BlackFideId "14902621"]
[EventDate "2016.06.26"]

1. c4 c5 2. Nf3 Nf6 3. Nc3 e6 4. d4 cxd4 5. Nxd4 a6 6. e4 d6 7. Be2 Be7 8. Be3
O-O 9. O-O Qc7 10. Rc1 b6 11. f4 Re8 12. g4 Bb7 13. Bf3 Bf8 14. g5 Nfd7 15. h4
g6 16. Nde2 Nc6 17. h5 Bg7 18. Qd2 Rad8 19. Nd5 exd5 20. cxd5 Nc5 21. dxc6 Bxc6
22. Nd4 Bxe4 23. b4 Qb7 24. h6 Bh8 25. Bg4 Nd3 26. Rb1 Ne5 27. fxe5 dxe5 28.
Rbc1 exd4 29. Bf4 Be5 30. Bxe5 Rxe5 31. Qf4 Qe7 32. Rc7 Qxc7 33. Qf6 Kf8 34.
Qg7+ Ke8 35. Qg8+ Ke7 36. Qxf7+ Kd6 37. Rf6+ 1-0

[Event "World Senior Teams +50"]
[Site "Radebeul GER"]
[Date "2016.06.30"]
[Round "5.7"]
[Board "3"]
[White "Briestensky, Rastislav"]
[Black "Tichatschke, Wolfgang"]
[Result "1-0"]
[WhiteTitle "FM"]
[WhiteElo "2339"]
[BlackElo "1975"]
[WhiteTeam "Slovakia"]
[BlackTeam "Stiftung BSW / DBAG II"]
[WhiteFideId "14900394"]
[BlackFideId "4665724"]
[EventDate "2016.06.26"]

1. d4 e6 2. Nf3 Nf6 3. g3 b6 4. Bg2 Bb7 5. O-O Be7 6. c4 O-O 7. Nc3 d5 8. cxd5
exd5 9. b3 Nbd7 10. Bb2 Ne4 11. Rc1 Nxc3 12. Rxc3 Bf6 13. Qc1 c6 14. Rd1 Re8 15.
e3 Qe7 16. Rc2 Rac8 17. Bh3 Rcd8 18. Ba3 Qe4 19. Nd2 Qg6 20. Nf3 Qe4 21. Ne1 Nf8
22. Nd3 Ne6 23. Bg2 Qf5 24. Nb4 Ng5 25. Nxc6 Rc8 26. f4 Ne4 27. Bf3 Qh3 28. Re1
h5 29. Nxa7 Ra8 30. Nb5 Ra5 31. Bxe4 Rxe4 32. Nd6 Re7 33. Bb4 Ra8 34. Nxb7 Rxb7
35. Qd2 h4 36. Qg2 Qg4 37. Qxd5 Rba7 38. Qg2 h3 39. Qf2 Qd7 40. Rd2 Rd8 41. Qf3
Qb5 42. Bc3 Rda8 43. Qe2 Qc6 44. Bb4 Qe4 45. a4 Rc8 46. Qd3 Qe8 47. d5 1-0

[Event "World Senior Teams +50"]
[Site "Radebeul GER"]
[Date "2016.06.30"]
[Round "5.7"]
[Board "4"]
[White "Schneider, Karl-Heinz"]
[Black "Franzen, Jozef"]
[Result "1-0"]
[BlackTitle "IM"]
[WhiteElo "1975"]
[BlackElo "2280"]
[WhiteTeam "Stiftung BSW / DBAG II"]
[BlackTeam "Slovakia"]
[WhiteFideId "24675300"]
[BlackFideId "14900181"]
[EventDate "2016.06.26"]

1. e4 c5 2. Nf3 e6 3. d4 cxd4 4. Nxd4 Nc6 5. Nxc6 bxc6 6. Nc3 d6 7. Be2 Nf6 8.
O-O Be7 9. b3 O-O 10. Bb2 Bb7 11. f4 Qc7 12. Bd3 Nd7 13. Qg4 Bf6 14. Rad1 Rad8
15. Kh1 Rfe8 16. Rf3 e5 17. f5 d5 18. Bc1 Nc5 19. Re1 d4 20. Ne2 Nxd3 21. cxd3
Qa5 22. Ref1 Qxa2 23. Ng3 Kf8 24. Nh5 Ke7 25. Bg5 Rg8 26. Qh4 Bxg5 27. Qxg5+ f6
28. Qc1 Qa5 29. Qc4 Kd6 30. Rg3 Kc7 31. Nxf6 Rh8 32. Rxg7+ Kb8 33. b4 Qa3 34.
Nd7+ Ka8 35. Nxe5 Qc3 36. Rc1 Qd2 37. Nf7 Rhe8 38. Nxd8 Rxd8 39. Rxb7 1-0

[Event "World Senior Teams +50"]
[Site "Radebeul GER"]
[Date "2016.06.30"]
[Round "5.8"]
[Board "2"]
[White "Preuss, Heiko"]
[Black "Visser, Gerrit"]
[Result "1/2-1/2"]
[WhiteElo "2245"]
[BlackElo "2047"]
[WhiteTeam "Post-SV Ulm"]
[BlackTeam "Oranje 2"]
[WhiteFideId "4635493"]
[BlackFideId "207330"]
[EventDate "2016.06.26"]

1. d4 Nf6 2. g3 e6 3. Bg2 c5 4. Nf3 Nc6 5. O-O Qb6 6. e3 Be7 7. c4 d5 8. b3 O-O
9. cxd5 exd5 10. Nc3 cxd4 11. Nxd4 Nxd4 12. exd4 Be6 13. Bb2 Rac8 14. Qd3 Rc6
15. Na4 Qc7 16. Rfc1 Rc8 17. Bf1 b6 18. Rxc6 Qxc6 19. Qa6 Rc7 20. Rc1 Qd7 21.
Nc3 Bh3 22. Bg2 Bxg2 23. Kxg2 Qe6 24. Qd3 Bb4 25. Ne2 Rxc1 26. Bxc1 h6 27. f3
Qc6 28. Bf4 b5 29. h4 a6 30. Be5 Nd7 31. Bf4 Nf8 32. Be3 Qg6 33. Nf4 Qc6 34. Qf5
g6 35. Qxd5 Qc2+ 36. Kh1 Be1 37. Qe4 Qxa2 38. Bg1 Bxg3 39. Nd5 Qxb3 40. Nf6+ Kg7
41. Ne8+ Kg8 42. Kg2 Bb8 43. Nf6+ Kg7 44. Ne8+ 1/2-1/2

[Event "World Senior Teams +50"]
[Site "Radebeul GER"]
[Date "2016.06.30"]
[Round "5.8"]
[Board "3"]
[White "Dijkstra, Matthijs"]
[Black "Boehm, Martin"]
[Result "0-1"]
[WhiteElo "2034"]
[BlackElo "2234"]
[WhiteTeam "Oranje 2"]
[BlackTeam "Post-SV Ulm"]
[WhiteFideId "1046985"]
[BlackFideId "4608356"]
[EventDate "2016.06.26"]

1. c4 e5 2. g3 Nc6 3. Bg2 Bc5 4. Nc3 a6 5. Nf3 d6 6. d3 Bg4 7. Be3 Bxe3 8. fxe3
Nge7 9. Qd2 O-O 10. O-O Qb8 11. e4 b5 12. cxb5 axb5 13. Nd5 Nxd5 14. exd5 Qb6+
15. Kh1 Ne7 16. Nh4 f6 17. h3 Bd7 18. a3 Ra4 19. Rac1 Rb8 20. Qc3 Rb7 21. Rc2 b4
22. axb4 Rxb4 23. Rb1 g5 24. Nf3 Nxd5 25. Qe1 Ne3 26. Rd2 Kg7 27. Qg1 Bc6 28.
Ne1 Nxg2 29. Nxg2 f5 30. Qxb6 R4xb6 31. Kh2 f4 32. h4 h6 33. Ne1 Kf6 34. Nf3 Bd5
35. hxg5+ hxg5 36. Ng1 c5 37. gxf4 exf4 38. Nf3 g4 0-1

[Event "World Senior Teams +50"]
[Site "Radebeul GER"]
[Date "2016.06.30"]
[Round "5.8"]
[Board "4"]
[White "Pieper, Thomas"]
[Black "Arp, Frans"]
[Result "1/2-1/2"]
[WhiteElo "2226"]
[BlackElo "2047"]
[WhiteTeam "Post-SV Ulm"]
[BlackTeam "Oranje 2"]
[WhiteFideId "4606299"]
[BlackFideId "1005987"]
[EventDate "2016.06.26"]

1. e4 e5 2. d4 exd4 3. Nf3 d5 4. Qxd4 Nf6 5. Bg5 dxe4 6. Qxd8+ Kxd8 7. Nfd2 Bf5
8. Bc4 Nc6 9. Nc3 Bb4 10. O-O-O Kc8 11. Bxf6 gxf6 12. Ndxe4 Ne5 13. Bb3 Bxc3 14.
Nxc3 c6 15. f4 Ng4 16. Rhe1 Nxh2 17. Re7 Ng4 18. Na4 Rd8 19. Rxd8+ Kxd8 20. Rxf7
Ke8 21. Rxb7 Rd8 22. g3 Ne3 23. c3 Be6 24. Rxh7 Bxb3 25. Rh8+ Ke7 26. Rxd8 Kxd8
27. axb3 f5 28. Nc5 Nf1 29. Ne6+ Kd7 30. Nd4 Nxg3 31. b4 Nh5 32. Ne2 Kd6 33. Kd2
a6 34. Kd3 Kd5 35. b3 Kd6 36. Ke3 Kd5 37. Nc1 Nf6 38. c4+ Kd6 39. Nd3 Ne4 40.
Kd4 Ng3 41. Nc5 Nh5 42. Ke3 a5 43. Nb7+ Kc7 44. Nxa5 Kb6 45. Kf3 Ng7 46. Ke3 Ne6
47. c5+ Kb5 48. Nb7 Kxb4 49. Nd6 Kxb3 50. Nxf5 Nxf4 51. Nd4+ 1/2-1/2

[Event "World Senior Teams +50"]
[Site "Radebeul GER"]
[Date "2016.06.30"]
[Round "5.9"]
[Board "1"]
[White "Erneste, Inguna"]
[Black "Buchal, Stephan"]
[Result "0-1"]
[WhiteTitle "WGM"]
[BlackTitle "FM"]
[WhiteElo "2149"]
[BlackElo "2338"]
[WhiteTeam "Latvia Women"]
[BlackTeam "Werder/BSG Bremen"]
[WhiteFideId "11600241"]
[BlackFideId "4603915"]
[EventDate "2016.06.26"]

1. e4 g6 2. d4 Bg7 3. Nf3 d6 4. Nc3 a6 5. a4 b6 6. Bc4 e6 7. Bg5 Ne7 8. Qd2 h6
9. Be3 Bb7 10. O-O Nd7 11. Rad1 Nf6 12. d5 e5 13. h3 Nh5 14. g4 Nf4 15. Bxf4
exf4 16. Qxf4 g5 17. Qc1 Ng6 18. Ne2 h5 19. Qxg5 Bf6 20. Qe3 hxg4 21. hxg4 Qd7
22. Nh2 Ne5 23. Qf4 O-O-O 24. Qxf6 Rxh2 25. Ng3 Rdh8 26. Be2 Kb8 27. a5 R2h3 28.
Qf4 Qd8 29. Nf5 Rh1+ 30. Kg2 Ng6 31. Qg3 R1h3 0-1

[Event "World Senior Teams +50"]
[Site "Radebeul GER"]
[Date "2016.06.30"]
[Round "5.9"]
[Board "2"]
[White "Rust-Lux, Klaus"]
[Black "Vilerte, Tamara"]
[Result "0-1"]
[BlackTitle "WGM"]
[WhiteElo "2074"]
[BlackElo "2030"]
[WhiteTeam "Werder/BSG Bremen"]
[BlackTeam "Latvia Women"]
[WhiteFideId "24682047"]
[BlackFideId "11602589"]
[EventDate "2016.06.26"]

1. d4 Nf6 2. c4 c5 3. d5 e6 4. Nc3 exd5 5. cxd5 d6 6. e4 g6 7. Be2 Bg7 8. Nf3
O-O 9. O-O a6 10. a4 Re8 11. Nd2 Qc7 12. h3 Nbd7 13. Qc2 Rb8 14. Re1 h6 15. Nf1
b6 16. Bf4 c4 17. Nd2 b5 18. axb5 axb5 19. Na2 Nc5 20. Bf1 Ra8 21. Nc3 Rxa1 22.
Rxa1 Bd7 23. Re1 Nh5 24. Be3 f5 25. Be2 Nf6 26. f3 fxe4 27. fxe4 Kh7 28. Rf1 Re7
29. Kh2 Nb7 30. Nd1 Na5 31. b3 Be8 32. bxc4 Nxc4 33. Nxc4 bxc4 34. Nc3 Nd7 35.
Nb5 Qb8 36. Nd4 Ne5 37. Ne6 Qb3 38. Qxb3 cxb3 39. Nxg7 Kxg7 40. Rb1 Rb7 41. Bd4
Kf6 42. Rf1+ Ke7 43. Bb2 Bb5 44. Re1 Bxe2 45. Rxe2 Nc4 46. Rf2 Nxb2 47. Rxb2 Kf6
48. Kg3 Ke5 49. Kf3 Kd4 50. Kf4 Rf7+ 51. Kg4 Kc3 52. Re2 b2 53. Re3+ Kc2 54.
Re2+ Kc1 55. Re1+ Kd2 0-1

[Event "World Senior Teams +50"]
[Site "Radebeul GER"]
[Date "2016.06.30"]
[Round "5.9"]
[Board "3"]
[White "Ungure, Liga"]
[Black "Franke, Reiner"]
[Result "1/2-1/2"]
[WhiteTitle "WFM"]
[WhiteElo "1950"]
[BlackElo "2274"]
[WhiteTeam "Latvia Women"]
[BlackTeam "Werder/BSG Bremen"]
[WhiteFideId "11600330"]
[BlackFideId "4603680"]
[EventDate "2016.06.26"]

1. e4 c5 2. Nf3 g6 3. d4 cxd4 4. Nxd4 Nc6 5. Nc3 Bg7 6. Nb3 Nf6 7. Be2 O-O 8.
O-O d6 9. Re1 Bd7 10. Bf1 Rc8 11. Nd5 Ne5 12. Bg5 Nxd5 13. exd5 h6 14. Bh4 Re8
15. c3 Nc4 16. Bxc4 Rxc4 17. Bg3 b5 18. Nd2 Rc5 19. Nb3 Rc4 20. Nd2 Rc8 21. Qb3
Qb6 22. Bf4 a5 23. Be3 Qa6 24. a3 Bf5 25. Nf3 Qb7 26. Rad1 a4 27. Qa2 Bc2 28.
Rd2 Bb3 29. Qb1 Bxd5 30. Qd1 Bc6 31. Qe2 Rcd8 32. Rc1 Rc8 33. Ne1 Bd5 34. f3 Bc4
35. Qf2 Kh7 36. Nc2 Red8 37. Re1 Be6 38. Qh4 Rc4 39. Qf2 Bf6 40. Qe2 Rcc8 41.
Qf2 Bb3 42. Nb4 Rd7 43. Qe2 Bc4 44. Qf2 Be6 45. Nc2 Rdd8 46. Qe2 Bc4 47. Qf2 Be6
48. Qe2 1/2-1/2

[Event "World Senior Teams +50"]
[Site "Radebeul GER"]
[Date "2016.06.30"]
[Round "5.10"]
[Board "1"]
[White "Jakel, Wolfgang"]
[Black "Kyas, Juergen"]
[Result "1/2-1/2"]
[WhiteElo "2204"]
[BlackElo "2190"]
[WhiteTeam "VSG 1880 Offenbach"]
[BlackTeam "SV Eiche Reichenbrand"]
[WhiteFideId "4625676"]
[BlackFideId "4618157"]
[EventDate "2016.06.26"]

1. e4 c5 2. Nf3 Nc6 3. Bb5 e6 4. O-O Nge7 5. c4 a6 6. Ba4 d6 7. d4 cxd4 8. Nxd4
Bd7 9. Nc3 Nxd4 10. Bxd7+ Qxd7 11. Qxd4 Nc6 12. Qe3 Be7 13. Qg3 O-O 14. Rd1 Kh8
15. e5 d5 16. cxd5 exd5 17. Nxd5 Nb4 18. Nc3 Nd3 19. Be3 Qe6 1/2-1/2

[Event "World Senior Teams +50"]
[Site "Radebeul GER"]
[Date "2016.06.30"]
[Round "5.10"]
[Board "3"]
[White "Trumpp, Lothar"]
[Black "Doering, Hans-Ulrich"]
[Result "1/2-1/2"]
[WhiteElo "2037"]
[BlackElo "2131"]
[WhiteTeam "VSG 1880 Offenbach"]
[BlackTeam "SV Eiche Reichenbrand"]
[WhiteFideId "4673514"]
[BlackFideId "24642495"]
[EventDate "2016.06.26"]

1. e4 c5 2. Nc3 e6 3. g3 Nc6 4. Bg2 g6 5. d3 Bg7 6. Nf3 Nge7 7. O-O d5 8. Re1
O-O 9. Rb1 d4 10. Ne2 b5 11. Bd2 h6 12. h3 e5 13. Nh2 Be6 14. Ra1 Qd7 15. h4 Bh3
16. f3 Bxg2 17. Kxg2 f5 18. a4 a6 19. Qc1 Kh7 20. Ng1 c4 21. Nh3 Qd6 22. Nf2
Rac8 23. axb5 axb5 24. Ra6 Qc5 25. h5 gxh5 26. exf5 Nxf5 27. Ne4 1/2-1/2

[Event "World Senior Teams +50"]
[Site "Radebeul GER"]
[Date "2016.06.30"]
[Round "5.10"]
[Board "4"]
[White "Koetzsch, Ulrich"]
[Black "Weiss, Matthias"]
[Result "1/2-1/2"]
[WhiteElo "2106"]
[BlackElo "2043"]
[WhiteTeam "SV Eiche Reichenbrand"]
[BlackTeam "VSG 1880 Offenbach"]
[WhiteFideId "4689771"]
[BlackFideId "4638190"]
[EventDate "2016.06.26"]

1. d4 Nf6 2. Nf3 g6 3. Nbd2 d5 4. e3 Bg7 5. Bd3 O-O 6. O-O b6 7. e4 dxe4 8. Nxe4
Bb7 9. Nxf6+ Bxf6 10. c3 Nd7 11. Bf4 c5 12. dxc5 Nxc5 13. Be2 Qd5 14. Qxd5 Bxd5
15. Rfd1 Rfd8 16. Kf1 Rac8 17. Ne1 Be4 18. Rxd8+ Rxd8 19. Rd1 Rxd1 20. Bxd1 e5
21. Be3 Be7 22. f3 Bd5 23. b3 f5 24. Be2 Kf7 25. Nc2 a5 1/2-1/2

[Event "World Senior Teams +50"]
[Site "Radebeul GER"]
[Date "2016.06.30"]
[Round "5.11"]
[Board "1"]
[White "Denk, Adolf"]
[Black "Gempe, Thomas"]
[Result "1/2-1/2"]
[WhiteTitle "FM"]
[BlackTitle "FM"]
[WhiteElo "2256"]
[BlackElo "2206"]
[WhiteTeam "Austria"]
[BlackTeam "Schachfreunde Leipzig 50+"]
[WhiteFideId "1600990"]
[BlackFideId "4615638"]
[EventDate "2016.06.26"]

1. c4 g6 2. g3 Bg7 3. Bg2 Nf6 4. Nf3 O-O 5. O-O c5 6. Nc3 Nc6 7. d4 cxd4 8. Nxd4
d6 9. Nxc6 bxc6 10. Bxc6 Rb8 11. Bg2 Qa5 12. Qd3 Qh5 1/2-1/2

[Event "World Senior Teams +50"]
[Site "Radebeul GER"]
[Date "2016.06.30"]
[Round "5.11"]
[Board "2"]
[White "Pruefer, Friedbert"]
[Black "Druckenthaner, Andreas"]
[Result "1/2-1/2"]
[BlackTitle "FM"]
[WhiteElo "2165"]
[BlackElo "2281"]
[WhiteTeam "Schachfreunde Leipzig 50+"]
[BlackTeam "Austria"]
[WhiteFideId "24699772"]
[BlackFideId "1600567"]
[EventDate "2016.06.26"]

1. d4 d5 2. c4 c6 3. cxd5 cxd5 4. Bf4 Nc6 5. Nc3 Nf6 6. e3 e6 7. Nf3 Bd6 8. Ne5
a6 9. Bd3 Qc7 10. Rc1 Nxe5 11. dxe5 Bxe5 12. Nxd5 Qa5+ 13. Nc3 Bxf4 14. exf4 Bd7
15. O-O O-O 16. Qe2 1/2-1/2

[Event "World Senior Teams +50"]
[Site "Radebeul GER"]
[Date "2016.06.30"]
[Round "5.11"]
[Board "3"]
[White "Ernst, Michael"]
[Black "Teichgraeber, Michael"]
[Result "0-1"]
[WhiteElo "2134"]
[BlackElo "2081"]
[WhiteTeam "Austria"]
[BlackTeam "Schachfreunde Leipzig 50+"]
[WhiteFideId "1618393"]
[BlackFideId "4683129"]
[EventDate "2016.06.26"]

1. d4 d6 2. Bf4 g6 3. Nf3 Bg7 4. h3 c5 5. e3 cxd4 6. exd4 a6 7. c3 Nf6 8. Be2
O-O 9. O-O Nbd7 10. Bh2 b5 11. a4 bxa4 12. Rxa4 Nb6 13. Ra3 Bb7 14. Nbd2 a5 15.
Qc2 Qd7 16. Rfa1 a4 17. Ne1 Rfc8 18. Qd1 Nfd5 19. Nd3 f5 20. Nf4 Bh6 21. Nxd5
Bxd5 22. Bf3 Bxf3 23. Nxf3 Qb5 24. R3a2 Kf8 25. Ne1 a3 26. Rxa3 Qxb2 27. Rxa8
Nxa8 28. Nd3 Qxc3 29. Bf4 Bxf4 30. Nxf4 Nb6 31. Rb1 Nd7 32. Qe2 Qc2 33. Qb5 Nf6
34. f3 Qc4 35. Qb2 g5 36. Ne2 Qd3 37. Rc1 Qe3+ 38. Kf1 Rxc1+ 39. Qxc1 Qxc1+ 40.
Nxc1 Kf7 41. g3 Nd5 42. Ne2 f4 43. g4 Kf6 44. Ke1 e5 45. Kd2 Ne3 46. Kd3 d5 47.
Nc3 Ke6 48. Ne2 Ng2 49. Ng1 Kd6 50. Kc3 e4 51. Kd2 Nh4 52. fxe4 dxe4 53. Ne2
Nf3+ 54. Kc3 Ne1 55. Kc4 e3 56. d5 f3 57. Ng3 e2 58. Ne4+ Kd7 0-1

[Event "World Senior Teams +50"]
[Site "Radebeul GER"]
[Date "2016.06.30"]
[Round "5.12"]
[Board "2"]
[White "Mueller, Gerhard1"]
[Black "Dietze, Frank"]
[Result "1-0"]
[WhiteElo "2110"]
[BlackElo "2135"]
[WhiteTeam "Rochade Bielefeld Revival"]
[BlackTeam "Sachsen-Anhalt"]
[WhiteFideId "4692829"]
[BlackFideId "4680979"]
[EventDate "2016.06.26"]

1. d4 Nf6 2. Nc3 d5 3. Bg5 Nbd7 4. Nf3 h6 5. Bf4 c6 6. e3 Qb6 7. Rb1 Nh5 8. Be5
Nxe5 9. Nxe5 Nf6 10. Bd3 e6 11. Ne2 Bd6 12. f4 Bxe5 13. fxe5 Ng4 14. Qd2 h5 15.
O-O c5 16. c3 Bd7 17. Rf3 Nh6 18. Nf4 g6 19. b4 cxd4 20. cxd4 O-O-O 21. Rff1 Kb8
22. Rfc1 Rc8 23. Rc5 Nf5 24. Bxf5 gxf5 25. Rbc1 Rxc5 26. Rxc5 Qd8 27. Qc1 f6 28.
exf6 Qxf6 29. Qa3 Qh4 30. Rc1 Qd8 31. Rc2 Qb6 32. Ng6 Rg8 33. Ne5 Bb5 34. Qc3 a6
35. Qc5 Qd8 36. Nf7 Qh4 37. Qc7+ Ka8 38. Qc3 Qg4 39. Qd2 Qg7 40. Ne5 h4 41. h3
Qg3 42. Qf2 Qg5 43. Nf3 Qh5 44. Qxh4 Qe8 45. Ne5 Qf8 46. a3 Qg7 47. Qf4 Ba4 48.
Rf2 Qc7 49. Nd3 Qc3 50. Nc5 Qxa3 51. Nxe6 Qxb4 52. Nc7+ Ka7 53. Nxd5 Qb3 54. Ne7
Rf8 55. Nxf5 Bc6 56. e4 a5 57. d5 Bb5 58. Qd6 Rc8 59. e5 a4 60. Ne7 Rc1+ 61. Kh2
Qd1 62. Qb4 Ba6 1-0

[Event "World Senior Teams +50"]
[Site "Radebeul GER"]
[Date "2016.06.30"]
[Round "5.12"]
[Board "3"]
[White "Mikolajewski, Armin"]
[Black "Beilfuss, Wilfried"]
[Result "0-1"]
[WhiteElo "2076"]
[BlackElo "2193"]
[WhiteTeam "Sachsen-Anhalt"]
[BlackTeam "Rochade Bielefeld Revival"]
[WhiteFideId "24611468"]
[BlackFideId "4607856"]
[EventDate "2016.06.26"]

1. d4 Nf6 2. c4 e6 3. Nc3 Bb4 4. Qc2 O-O 5. e3 b6 6. Bd3 Bb7 7. Nf3 c5 8. a3
cxd4 9. axb4 dxc3 10. bxc3 d6 11. e4 Nbd7 12. O-O Qc7 13. h3 a6 14. Nd4 Ne5 15.
Bg5 Nxd3 16. Bxf6 Bxe4 17. Qe2 Bg6 18. Bg5 Ne5 19. Rfd1 Nxc4 20. b5 a5 21. Nc6
d5 22. h4 h6 23. h5 Bh7 24. Bh4 Rfe8 25. Bg3 Qb7 26. Ra4 Kh8 27. f3 f6 28. Bf2
Qf7 29. g4 e5 30. Kg2 Bg8 31. Rda1 Rf8 32. R1a2 Qb7 33. Qd3 Rae8 34. Re2 Be6 35.
Rxc4 dxc4 36. Qe3 Rf7 37. Rd2 a4 38. Nd8 Qa8 39. Nxf7+ Bxf7 40. Qe4 Qxe4 41.
fxe4 Ra8 42. Bxb6 Be8 43. Bc5 Bxb5 44. Bb4 Kg8 45. Kf3 Kf7 46. Ba3 Ra7 47. Rd5
Rb7 48. Bb4 Ke8 49. Ke3 Bd7 50. Kf3 Kd8 51. Rc5 Be6 52. Rc6 Bf7 53. Ra6 Be8 54.
Ba5+ Kd7 55. Bb4 Kc7 56. Bd6+ Kc8 57. Bb4 Bb5 58. Ra8+ Kc7 59. Rg8 Kb6 60. Ke3
Rd7 61. Rb8+ Kc6 62. Rc8+ Kb7 63. Rg8 Bc6 64. Rf8 Kb6 65. Rb8+ Bb7 66. Rg8 Kb5
67. Rb8 Rd3+ 68. Ke2 Kb6 69. Rg8 Bxe4 70. Rxg7 Rf3 71. Rg8 Rf4 72. Rh8 Bf3+ 73.
Ke3 Bxg4 74. Rxh6 Rf5 75. Ke4 Rf4+ 76. Kd5 Bf3+ 77. Kd6 Rf5 78. Rh7 Rxh5 79. Rf7
Rh6 80. Rf8 Bb7 81. Rf7 e4 82. Bc5+ Ka5 83. Ke6 Rh5 84. Bd4 Bd5+ 0-1

[Event "World Senior Teams +50"]
[Site "Radebeul GER"]
[Date "2016.06.30"]
[Round "5.12"]
[Board "4"]
[White "Thoele, Wolfgang"]
[Black "Katz, Roland"]
[Result "0-1"]
[WhiteElo "1990"]
[BlackElo "2057"]
[WhiteTeam "Rochade Bielefeld Revival"]
[BlackTeam "Sachsen-Anhalt"]
[WhiteFideId "1271030"]
[BlackFideId "4623916"]
[EventDate "2016.06.26"]

1. e4 c6 2. d4 d5 3. exd5 cxd5 4. Nf3 Nf6 5. Be2 Bf5 6. O-O e6 7. Bg5 Nbd7 8. c3
h6 9. Bh4 Bd6 10. Nbd2 O-O 11. Bg3 Bxg3 12. hxg3 a6 13. Nh2 b5 14. g4 Bh7 15.
Ndf3 Ne4 16. Bd3 Nb6 17. Nd2 Nxd2 18. Qxd2 Nc4 19. Bxh7+ Kxh7 20. Qd3+ g6 21. b3
Nd6 22. a4 Qc7 23. Rfc1 Rfc8 24. f3 Qb6 25. Nf1 e5 26. Ne3 bxa4 27. bxa4 Nc4 28.
Nxd5 Qe6 29. Nb4 a5 30. Nc2 Nb2 31. Qd2 Qc6 32. Ne3 Nxa4 33. d5 Qd7 34. c4 Nc5
35. Qb2 Nd3 36. Qc3 Nxc1 37. Rxc1 a4 38. Qxe5 Re8 39. Qc3 Qe7 40. Nc2 Qc5+ 41.
Kh1 Reb8 42. Nd4 a3 43. Nc2 a2 44. Qf6 Kg8 45. Na1 Rb1 46. Qc3 Rc8 47. Qc2 Qxc4 0-1

[Event "World Senior Teams +50"]
[Site "Radebeul GER"]
[Date "2016.06.30"]
[Round "5.13"]
[Board "1"]
[White "Wuttke, Hans"]
[Black "Nake, Matthias"]
[Result "1/2-1/2"]
[WhiteElo "2140"]
[BlackElo "2217"]
[WhiteTeam "Empor Potsdam"]
[BlackTeam "SG Gruen-Weiss Dresden"]
[WhiteFideId "4636120"]
[BlackFideId "24653861"]
[EventDate "2016.06.26"]

1. c4 Nf6 2. g3 g6 3. Bg2 c5 4. Nf3 Bg7 5. d4 cxd4 6. Nxd4 Nc6 7. O-O Qb6 8. Nb3
O-O 9. Nc3 d6 10. Nd5 Qd8 11. Qc2 Bd7 12. Nxf6+ Bxf6 13. Bh6 1/2-1/2

[Event "World Senior Teams +50"]
[Site "Radebeul GER"]
[Date "2016.06.30"]
[Round "5.13"]
[Board "2"]
[White "Hutschenreiter, Joerg"]
[Black "Jeske, Eckhard"]
[Result "1/2-1/2"]
[WhiteElo "2002"]
[BlackElo "2171"]
[WhiteTeam "SG Gruen-Weiss Dresden"]
[BlackTeam "Empor Potsdam"]
[WhiteFideId "24669172"]
[BlackFideId "4641485"]
[EventDate "2016.06.26"]

1. d4 Nf6 2. c4 c6 3. Nc3 d5 4. Nf3 g6 5. cxd5 Nxd5 6. e4 Nb6 7. Be2 Bg4 8. O-O
Bg7 9. Be3 O-O 10. Rc1 Bxf3 11. Bxf3 Nc4 12. Qb3 Nxe3 13. fxe3 Qb6 14. Qxb6 axb6
15. e5 Na6 16. a4 Nb4 17. b3 Rad8 18. Rfd1 Rfe8 19. Ne2 Rd7 20. Rc4 Na6 21. Rdc1
Bh6 22. Kf2 f6 23. exf6 exf6 24. R1c3 f5 25. h4 Nc7 26. g3 Bf8 27. Nf4 Kf7 28.
Rd3 Bd6 29. Rc1 Na6 30. d5 Bxf4 31. gxf4 Nb4 32. Rd4 Nxd5 33. Bxd5+ cxd5 34.
Rcd1 Ke6 35. Rb4 Rd6 36. Rdd4 Rc8 37. Rb5 Rc5 38. Rdb4 Rxb5 39. Rxb5 Kd7 40. Ke2
Kc6 41. Kd3 Re6 42. Rb4 Re8 43. Kd2 Ra8 44. Kd3 Ra5 45. Kc3 Rc5+ 46. Kd3 Ra5 47.
Kc3 b5 48. Kd4 bxa4 49. bxa4 b6 50. Ke5 Ra8 51. Kf6 Re8 52. Rb3 Re4 53. Ra3 d4
54. exd4 Rxf4 55. h5 gxh5 56. a5 Rxd4 57. axb6 f4 58. Ke5 Rb4 59. Rf3 h6 60.
Rxf4 Rb5+ 1/2-1/2

[Event "World Senior Teams +50"]
[Site "Radebeul GER"]
[Date "2016.06.30"]
[Round "5.13"]
[Board "3"]
[White "Schulz, Michael1"]
[Black "Salewski, Bernd"]
[Result "1/2-1/2"]
[WhiteTitle "FM"]
[WhiteElo "2127"]
[BlackElo "2004"]
[WhiteTeam "Empor Potsdam"]
[BlackTeam "SG Gruen-Weiss Dresden"]
[WhiteFideId "4616731"]
[BlackFideId "4655087"]
[EventDate "2016.06.26"]

1. e4 e6 2. Nf3 d5 3. e5 c5 4. b4 cxb4 5. d4 Qa5 6. Nbd2 Nc6 7. Bd3 Bd7 8. O-O
Nge7 9. Nb3 Qc7 10. Nc5 Ng6 11. Nxd7 Qxd7 12. h4 Be7 13. g3 Nf8 14. a3 bxa3 15.
c3 h6 16. Bxa3 Bxa3 17. Rxa3 Qc7 18. h5 Nd7 19. Nh4 O-O-O 20. Qa1 Nb6 21. Nf3 f6
22. Bb5 a6 23. Bxc6 Qxc6 24. Ra5 Kb8 25. Rb1 Ka7 26. Rc5 Qd7 27. Qa5 Na8 28.
Rcb5 Rb8 29. Ne1 b6 30. Qa3 Nc7 31. R5b2 a5 32. Nd3 Na6 33. Nf4 Rhd8 34. exf6
gxf6 35. Re1 Re8 36. Rbe2 Nc7 37. Qc1 Re7 38. Ng6 Rh7 39. Qf4 Qd8 40. Qc1 Qd6
41. Qc2 Rg7 42. Qd2 Rh7 43. Kg2 Re8 44. f4 f5 45. Qb2 Rg7 46. Kf3 Reg8 47. Re5
Re8 48. Qb3 Rd8 49. R5e2 Ra8 50. Ra1 Na6 51. Rae1 Nc7 52. Qa4 Ka6 53. Qb3 Ka7
54. Kf2 Ka6 55. Re3 Re8 56. Rb1 Rb8 57. Ne5 b5 58. Nd3 Ka7 59. Qa2 a4 60. Rbe1
Rb6 61. Nc5 Re7 62. Kg2 Qd8 63. Qe2 Qe8 64. Re5 Qf7 65. Nd3 Rc6 66. Nc5 Rb6 67.
Qf3 Re8 68. R5e3 Re7 69. Nd3 Qe8 70. Ne5 Qc8 71. Qd1 Rg7 72. Qa1 Qf8 73. Ng6 Qd6
74. Kh3 Ra6 75. R1e2 Rg8 76. Ne5 Qe7 77. Ng6 Qd6 78. Nh4 Rb8 79. Ng6 1/2-1/2